Nový typ cestopisu?

Bibliographic Details
Main Authors: Horecký, Ján, 1920-2006 (Author), Müller, Richard, 1961- (Author)
Format: Article
Language:Slovak
ISSN:0023-5202
Subjects:

MARC

LEADER 00000nab a2200000 a 4500
001 vtls000545589
003 SK-MaSNL
005 20260426081422.0
008 250426c1995 xo 0 slo
015 |a SNBRB19rr/mm-uuuuu 
035 |a CL0545727 
035 |a urn:nbn:sk:snk-ab1lso 
035 |a (urnnbn)urn:nbn:sk:snk:ar-004hqf 
035 |a (uuid)787bc87a-59a6-48b0-b898-34e55db5344e 
040 |a SNKBUCL  |b slo  |c SNKBUCL  |e AACR2 
041 0 |a slo 
044 |a xo  |c SK 
080 |a 801.311(048):802.0:908.73(048)  |2 1981 
080 |a 908.73(048)  |2 1981 
080 |a 802.0-311(048)  |2 1981 
080 |a 82.09:885.4-992(048)  |2 1981 
100 1 |a Horecký, Ján,  |d 1920-2006  |4 aut  |9 105131 
245 1 0 |a Nový typ cestopisu?  |c Ján Horecký 
650 0 7 |a ojkonymá  |2 SNKPH  |9 239133 
650 0 7 |a angličtina  |2 SNKPH  |9 1260 
651 7 |a Spojené štáty americké  |2 SNKPHgeo  |9 18262 
655 7 |a články z novín a časopisov  |2 SNK  |9 267496 
655 7 |a články z odboru literárna veda a krásna literatúra  |2 SNK  |9 770045 
700 1 |a Müller, Richard,  |d 1961-  |4 aut  |9 92700 
773 0 |t Kultúra slova  |g Roč. 29, č. 1 (1995), s. 51-53  |x 0023-5202 
787 0 8 |i Rec.:  |a Müller, Richard  |t Americký denník  |d Bratislava : POLY Kontakt, 1995 
850 |a Slovenská národná knižnica 
852 |a Slovenská národná knižnica 
954 |a odborná, vedecká literatúra pôvodná (slovenská)  |2 lita 
958 |a article27 
958 |a OND 
958 |a RK 
958 |a LX 
958 |a EUIPO 
992 |a RBX 
999 |c 2842306  |d 2844236